000
00317nam a22001457a 4500
008
210521b ||||| |||| 00| 0 eng d
020
_a
9781935584612
041
_a
eng
080
_a
61
082
_a
61
100
_a
4
101
_a
SHM
245
_a
The Johns Hopkins White Papers
_c
Hopkins,J
942
_2
udc
_c
BK
999
_c
57581
_d
57581